zpět

Detail výsledku týmu

Agnes Café, Jindřichův Hradec

Datum a čas kvízu

35 Celkem bodů Celkový počet nahraných bodů na tomto kvízu bez doplňovacích otázek.
10. Pořadí na kvízu Konečné umístění týmu na tomto kvízu.

Zaznamenané odpovědi

# Otázka Odpověď Body Výsledky
1. Minulý týden se stalo hitem so... (Ford) Mustang, žlutá barva 1
2. Minulý týden došlo v USA ke zř... Baltimore 1
3. Pondělní vyřizování účtů mezi... Aleš Bejr 1
4. Minulý týden si žena na severu... s bambulí (od čepice) 1
5. Český snowboardista Radek Hous... obarvit se na blond 0
6. Věříme, že ovládáte velkou pal... Drahá vlasti 1
7. Zhruba 56 tisíc lidí obývá ost... Grónsko 1
8. Vyberte zemi, jejíž zkratka ná... C 0
9. Švýcarsko má čtyři úřední jazy... 1C 2B 3A 4D 1
10. Caerdydd je alternativní název... Cardiff 1